000 00837nmm a2200265 a 4500
001 ocm000602914
003 TR-IsHL
005 20201028134322.0
008 131121s2009 tu tur
007 cr cn
020 _a9789944469241
035 _a602914
_b(N$T)
050 0 4 _aPL248.H38
_bG8 2009
090 0 4 _aPL248.H38
_bG8 2009
100 1 _aHatipler, Mustafa
245 1 0 _aGülü çizdik gözbebeklerimize
_h[electronic resource] /
_cMustafa Hatipler
260 _aİstanbul :
_bLamure Yayınları,
_c2009
300 _a96 p.
650 4 _aDil ve Edebiyat
650 4 _aLanguage and Literature
650 0 _aTürk şiiri
650 0 _aTurkish poetry
650 7 _aLITERARY COLLECTIONS / Middle Eastern
_2bisacsh
856 4 0 _uhttp://search.ebscohost.com/login.aspx?direct=true&scope=site&db=e011xww&AN=602914
999 _c6126
_d6126